IA or not - Statistiques

Statistiques générales
  • Ce quiz a été pris 68 fois
  • Le résultat moyen est 23 sur 45
Statistiques - réponses
Question Tuile Select % Correct
animals Non
83%
Portrait of people Non
82%
Portrait of people Non
82%
Portrait of people Non
78%
food Non
77%
Portrait of people Oui
75%
Portrait of people Oui
73%
animals Oui
73%
landscape Oui
73%
Portrait of people Oui
72%
animals Non
67%
landscape Non
67%
animals Non
65%
food Non
62%
food Non
62%
landscape Non
60%
landscape Non
60%
landscape Non
60%
Portrait of people Oui
58%
food Oui
58%
painting Non
57%
painting Non
57%
landscape Oui
53%
animals Non
50%
painting Non
48%
animals Oui
47%
landscape Oui
47%
painting Non
45%
food Oui
45%
Portrait of people Non
42%
Portrait of people Oui
40%
painting Oui
37%
food Oui
37%
food Non
37%
landscape Oui
33%
food Oui
32%
animals Oui
28%
food Oui
27%
painting Non
25%
animals Non
22%
painting Oui
15%
animals Oui
13%
painting Oui
12%
painting Oui
10%
landscape Oui
7%
Aucun quiz correspondant
Distribution des résultats
% des personnes avec chaque résultat
Percentile par nombre de réponses
Votre historique - résultats
Vous n’avez pas pris ce quiz